Score 0/28 Timer 04:00
0 Plays Today
% Correct
dessert
83.8%
desert
81.2%
conversation
80%
compliment
79.5%
illicit
79%
principal
78.4%
coral
77.2%
stationary
76.9%
conservation
76.8%
fortitude
76.5%
assure
74.4%
cannon
74.3%
torturous
73.9%
choral
72.1%
% Correct
principle
71.6%
complement
71.6%
stationery
71.5%
fortuitous
70.5%
insure
70.2%
corral
69.3%
elicit
65.4%
effect
65.1%
tortuous
60.9%
affect
60.6%
canon
60.5%
chorale
60.3%
discrete
56.4%
discreet
53.2%
Remove Ads.
Support Sporcle.
Get the best of Sporcle when you Go Orange. This ad-free experience offers more features, more stats, and more fun while also helping to support Sporcle. Thank you for becoming a member.

You're not logged in!

Compare scores with friends on all Sporcle quizzes.
OR
Log In

Show Comments

Extras

Top Quizzes Today


Score Distribution

Your Account Isn't Verified!

In order to create a playlist on Sporcle, you need to verify the email address you used during registration. Go to your Sporcle Settings to finish the process.

Report this User

Report this user for behavior that violates our Community Guidelines.

Details: